banner-ar

A SHORT DESCRIPTION OF THE OBJECTS FROM THE TOMB OF TUT ANK AMUN / (Record no. 10817)

MARC details
000 -الفاتح
حقل البيانات ثابتة الطول 00540nam a2200181Ia 4500
008 - عناصر البيانات ثابتة الطول - معلومات عامة
حقل البيانات ثابتة الطول 140319s9999 xx 000 0 eng d
040 ## - مصدر الفهرسة
وكالة الفهرسة الأصلية GCL /
وكالة النسخ GCL
082 04 - رقم تصنيف ديوى العشرى
رقم التصنيف CC
رقم المادة 932.017
-- C S
100 1# - المدخل الرئيسى - إسم شخصى
الإسم الشخصى THE CURATORS OF THE MUSEUM
245 10 - بيان العنوان
العنوان A SHORT DESCRIPTION OF THE OBJECTS FROM THE TOMB OF TUT ANK AMUN /
بيان المسئوليه,etc THE CURATORS OF THE MUSEUM
260 ## - PUBLICATION, DISTRIBUTION, ETC. (IMPRINT)
تاريخ النشر أو التوزيع 1927
300 ## - الوصف المادى
التعداد 45 P
650 04 - المدخل الاضافى بالموضوع-مصطلح موضوعى
مصطلح موضوعي TUTANCHAMON
650 04 - المدخل الاضافى بالموضوع-مصطلح موضوعى
مصطلح موضوعي ANCIENT EGYPT
650 04 - المدخل الاضافى بالموضوع-مصطلح موضوعى
مصطلح موضوعي EGYPTOLOGY
942 ## - عناصر المدخل الإضافي( كوها)
مصدر التصنيف او مخطط الترفيف Dewey Decimal Classification
Koha [default] item type كتاب
260 ## - PUBLICATION, DISTRIBUTION, ETC. (IMPRINT)
-- [S.N] :
-- IMPRIMERIE DE L'INSTITUT FRANCAIS ،
Holdings
حالة التراجع حالة الفقد حالة تلف ليس للاعارة المكان المؤقت الموقع الحالى تاريخ الاكتساب اجمالي اﻻعارات رقم الطلب الباركود تاريخ اخر مشاهدة تاريخ تفعيل السعر نوع وعاء كوها
        مكتبة القاهرة الكبرى مكتبة القاهرة الكبرى 03/26/2014   CC\932.017\C S 21724 03/26/2014 03/26/2014 كتاب

Powered By

EGPV